Land vs. Land #27 - Statistiken

Allgemein
  • Dieses Quiz wurde 22 mal gespielt
  • Das Durchschnittsergebnis liegt bei 8 aus 14
Antwortstatistiken
Frage Antwort % Korrekt
...Frieden? Dom.Rep.🇩🇴
90%
...durchschnittlicher IQ? Armenien🇦🇲
85%
...Happy Planet Index? Dom.Rep.🇩🇴
85%
...Einwohner? Dom.Rep.🇩🇴
70%
...Beschäftigungsquote? Armenien🇦🇲
65%
...Bruttoinlandsprodukt? Dom.Rep.🇩🇴
65%
...Gewinner? Dom.Rep.🇩🇴
65%
...Exportmengen? Dom.Rep.🇩🇴
55%
...HDI (Human Development Index)? Armenien🇦🇲
45%
...Bruttoinlandsprodukt pro Kopf? Dom.Rep.🇩🇴
45%
...Gesundheitswesen? Dom.Rep.🇩🇴
45%
...Lebenserwartung? Armenien🇦🇲
30%
...Fläche? Dom.Rep.🇩🇴
30%
...Militär? Dom.Rep.🇩🇴
15%
Keine übereinstimmenden Quizze gefunden
Verteilung der Resultate
Anzahl Personen mit jedem Resultat
Perzentil nach korrekt beantworteten Fragen
Ihre Resultats-Entwicklung
Sie haben dieses Quiz noch nicht gespielt